000 00557nam a2200205Ia 4500
005 20240724054148.0
008 240331s9999 xx 000 0 und d
020 _a0226508838
082 _a291.09
_bFUN
245 0 _aFundamentalisms and the state :
_bremaking polities,economies and mlitance
260 _aLondon
_bThe University Press
_c1993
300 _aix, 665 p .,
650 _aPolitics
650 _aEconomics
650 _aReligion
650 _aFundamentalism
700 _aMarty,M.E.
_eedt
700 _aAppleby, Scott . R
_eedt
942 _cL
999 _c887
_d887